|
|
|
|
| LEADER |
00000cam a2200000 7i4500 |
| 001 |
0000000950 |
| 005 |
20140322.0 |
| 020 |
0 |
0 |
|a 9251024367
|
| 090 |
0 |
0 |
|a FAO662.65
|b WOO 1986
|
| 245 |
0 |
0 |
|a WOOD gas as engine fuel
|
| 260 |
0 |
0 |
|a Rome :
|b Food and Agriculture Organization of the United Nations ,
|c 1986
|
| 300 |
|
|
|a xi, 173 p. :
|b ill. ;
|c 30 cm.
|
| 440 |
0 |
0 |
|a FAO forestry paper ; 72
|
| 500 |
0 |
0 |
|a Bibliography: [p. 170-173]
|
| 650 |
0 |
0 |
|a Gas as fuel
|
| 650 |
0 |
0 |
|a Wood
|x Combustion
|
| 710 |
1 |
1 |
|a Food and Agriculture Organization of the United Nations (FAO)
|
| 998 |
|
|
|a JPSM
|
| 999 |
|
|
|a 0000001980
|b Monograph
|c Food and Agriculture Organization
|e Default branch
|